Машиностроительное производство (Запись № 2777964)
[ простой вид ]
| 000 -МАРКЕР | |
|---|---|
| контрольное поле | 15837nas1a22009971i 4500 |
| 001 - ИДЕНТИФИКАТОР ЗАПИСИ | |
| контрольное поле | RU\NLR\INFOCOMM10\1000240758 |
| 005 - ИДЕНТИФИКАТОР ВЕРСИИ | |
| контрольное поле | 20240726055203.0 |
| 011 ## - МЕЖДУНАРОДНЫЙ СТАНДАРТНЫЙ НОМЕР СЕРИАЛЬНОГО ИЗДАНИЯ (ISSN) | |
| Номер (ISSN) | 0132-9774 |
| 035 ## - ДРУГИЕ СИСТЕМНЫЕ НОМЕРА | |
| Идентификатор записи | (NLR Aleph) 002522698 |
| 100 ## - ДАННЫЕ ОБЩЕЙ ОБРАБОТКИ | |
| Данные общей обработки | 20040428c1986 |||y0rusy50 ca |
| 101 0# - ЯЗЫК РЕСУРСА | |
| Язык текста, звукозаписи и т.д. | русский |
| 102 ## - СТРАНА ПУБЛИКАЦИИ ИЛИ ПРОИЗВОДСТВА | |
| Страна публикации | российская федерация |
| 110 ## - ПОЛЕ КОДИРОВАННЫХ ДАННЫХ: ПРОДОЛЖАЮЩИЕСЯ РЕСУРСЫ | |
| Кодированные данные продолжающегося ресурса | ayu||||0|y0 |
| 200 1# - ЗАГЛАВИЕ И СВЕДЕНИЯ ОБ ОТВЕТСТВЕННОСТИ | |
| Основное заглавие | Машиностроительное производство |
| Сведения, относящиеся к заглавию | Обзор. информ. |
| Наименование части | Серия "Технология и оборудование обработки металлов резанием" |
| Первые сведения об ответственности | ВНИИ информ. и техн.-экон. исслед. по машиностроению и робототехнике (ВНИИТЭМР) |
| 210 ## - ПУБЛИКАЦИЯ, РАСПРОСТРАНЕНИЕ И ДР. | |
| Место издания, распространения и т.д. | М. |
| Дата издания, распространения и т.д. | 1986- |
| 300 ## - ОБЩИЕ ПРИМЕЧАНИЯ | |
| Текст примечания | В надзаг. также: М-во станкостроит. и инструм. пром-сти СССР |
| 311 ## - ПРИМЕЧАНИЯ, ОТНОСЯЩИЕСЯ К ПОЛЯМ СВЯЗИ (ПРИМЕЧАНИЯ О СВЯЗИ С ДРУГИМИ ПРОИЗВЕДЕНИЯМИ (ИЗДАНИЯМИ)) | |
| Текст примечания | В 1987 влилось изд.: Технология, оборудование, организация и экономика машиностроительного производства. Сер.10, Средства технологического оснащения металлообрабатывающего оборудования и систем. (Шифр: П10/6366) |
| 430 #1 - ПРОДОЛЖЕН | |
| Встроенное поле | 2001#$aТехнология, оборудование, организация и экономика машиностроительного производства$hСерия 1$iМеталлорежущее оборудование |
| Заглавие | Технология, оборудование, организация и экономика машиностроительного производства |
| 430 #1 - ПРОДОЛЖЕН | |
| Встроенное поле | 2001#$aТехнология, оборудование, организация и экономика машиностроительного производства$hСерия 1$iМеталлорежущее оборудование и средства технологического оснащения |
| Заглавие | Технология, оборудование, организация и экономика машиностроительного производства |
| 430 #1 - ПРОДОЛЖЕН | |
| Встроенное поле | 2001#$aТехнология, оборудование, организация и экономика машиностроительного производства$hСерия 7$iТехнология и оборудование обработки металлов резанием |
| Заглавие | Технология, оборудование, организация и экономика машиностроительного производства |
| 434 #1 - ПОГЛОЩЕН | |
| Встроенное поле | 2001#$aТехнология, оборудование, организация и экономика машиностроительного производства$hСерия 10$iСредства технологического оснащения металлообрабатывающего оборудования и систем |
| -- | 852##$aNLR$jП10/6366 |
| Заглавие | Технология, оборудование, организация и экономика машиностроительного производства |
| 712 02 - НАИМЕНОВАНИЕ ОРГАНИЗАЦИИ - ВТОРИЧНАЯ ОТВЕТСТВЕННОСТЬ | |
| Начальный элемент ввода | ВНИИ информации и технико-экономических исследований по машиностроению и робототехнике |
| Код отношения | Прочие |
| 801 #1 - ИСТОЧНИК ЗАПИСИ | |
| Страна | российская федерация |
| Организация | InfoComm |
| Дата составления | 20040428 |
| 801 #0 - ИСТОЧНИК ЗАПИСИ | |
| Страна | российская федерация |
| Организация | NLR |
| Правила каталогизации | PSBO |
| 852 ## - МЕСТОНАХОЖДЕНИЕ И ШИФР ХРАНЕНИЯ | |
| Идентификатор организации | NLR |
| Шифр хранения (Call Number) | П10/6363 |
| 942 ## - ДОПОЛНИТЕЛЬНЫЕ ЭЛЕМЕНТЫ ЗАПИСИ (АБИС) | |
| Тип экземпляра АБИС | Журнал |
| 980 ## - КОЛЛЕКЦИЯ | |
| Название коллекции | Русская периодика |
Нет доступных экземпляров.